00844nam a2200169Ia 4500008004100000020001500041082001500056100003600071245008200107260005000189300001800239500004900257504003300306505026600339650002800605650004100633120622s9999 xx 000 0 und d a9681671066 a004bC510b aCoello Coello, Carlos A.eautor aBreve historia de la computación y sus pionerosc / Carlos A. Coello Coello aMéxicob : Fondo de Cultura Económicac,  a358 páginas aIncluye: índice analítico (pp. 337-358) aBibliografía (pp. 323-335) aEn un principio.- Charles Babbage : padre de la computación moderna.- William Seward Burroughs : pionero de la industria de la computación.- Herman Hollerith : iniciador del procesamiento automatizado de información.- John von Neumann : un genio incompara 0aCOMPUTACIÓNxHISTORIA24aPROCESAMIENTO ELECTRÓNICO DE DATOS